Squadra della stagione della UEFA Champions League - 2021-2022 - Statistics

Statistiche generali
  • Questo quiz è stato fatto 10 volte
  • Il punteggio medio è 11 su 11
Statistiche sulle risposte
Ruolo Nazione Squadra Calciatore % Corretto
Difensore Germania Chelsea Antonio Rüdiger
100%
Attaccante Francia Real Madrid Karim Benzema
100%
Centrocampista Belgio Manchester City Kevin De Bruyne
100%
Attaccante Francia Paris Saint-Germain Kylian Mbappé
100%
Centrocampista Croazia Real Madrid Luka Modrić
100%
Portiere Belgio Real Madrid Thibaut Courtois
100%
Difensore Inghilterra Liverpool Trent Alexander-Arnold
100%
Attaccante Brasile Real Madrid Vinícius
100%
Difensore Paesi Bassi Liverpool Virgil van Dijk
100%
Difensore Scozia Liverpool Andrew Robertson
89%
Centrocampista Brasile Liverpool Fabinho
67%
Nessun quiz corrispondente trovato
Distribuzione punteggi
Percentuale di utenti per punteggio
Percentile per numero di risposta
I tuoi punteggi nel tempo
Non hai fatto questo quiz